| 000 | 00792nam a2200301Ia 4500 | ||
|---|---|---|---|
| 001 | Z_4352 | ||
| 003 | CHAP | ||
| 008 | 220113s1981 xx 000 0 und d | ||
| 010 | _a167422 | ||
| 040 | _cCHAP | ||
| 082 | _a636.4 C65 | ||
| 100 |
_aCommonwealth Agricultural Bureaux _9137381 |
||
| 245 |
_aThe nutrient requirements of pigs / _cby Commonwealth Agricultural Bureaux |
||
| 260 |
_aWallingford : _bCAB, _c1981 |
||
| 300 | _a307 p. : gráfs. | ||
| 440 | _a | ||
| 500 | _aFotocopía | ||
| 503 | _a | ||
| 650 |
_aGanado porcino _xNutrición _945390 |
||
| 650 |
_aProteínas en nutrición del cerdo _992456 |
||
| 650 |
_aVitaminas en nutrición animal I. t. _9141617 |
||
| 901 | _a636.4 C65 | ||
| 902 | _aA | ||
| 910 | _a1981 | ||
| 942 | _c1 | ||
| 942 | _cc1 | ||
| 999 |
_c167422 _d167422 |
||